Loading...
| History - American | 0 | 3 | 0 | 0 | 30 | 78 | 86.00 | 0 | 1 | 6.17 | 17.98 |
| Current Events | 0 | 2 | 0 | 1 | 20 | 108 | 110.00 | 0 | 0 | 0.00 | 5.00 |
| History - Other | 0 | 2 | 0 | 0 | 20 | 82 | 92.00 | 0 | 0 | 2.31 | 7.73 |
| Literature - American | 0 | 1 | 0 | 0 | 10 | 116 | 116.00 | 0 | 0 | 0.00 | 0.76 |
| Geography | 0 | 1 | 0 | 0 | 10 | 119 | 119.00 | 0 | 0 | 0.00 | 3.17 |
| Popular Culture | 0 | 1 | 0 | 0 | 10 | 88 | 88.00 | 0 | 0 | 3.33 | 16.67 |
| Religion | 0 | 1 | 0 | 0 | 10 | 76 | 76.00 | 0 | 0 | 3.28 | 9.09 |
| Philosophy | 0 | 1 | 1 | 0 | 5 | 79 | 79.00 | 0 | 0 | 3.18 | 6.94 |
| Mythology | 0 | 1 | 1 | 0 | 5 | 28 | 28.00 | 1 | 1 | 6.76 | 9.09 |
| History - World | 0 | 0 | 0 | 0 | 0 | 0.00 | 0 | 0 | 0.00 | 0.00 | |
| Fine Arts - Classical Music | 0 | 0 | 0 | 0 | 0 | 0.00 | 0 | 0 | 0.00 | 0.00 | |
| Fine Arts - Painting and Sculpture | 0 | 0 | 0 | 0 | 0 | 0.00 | 0 | 0 | 0.00 | 0.00 | |
| Literature - British | 0 | 0 | 1 | 0 | -5 | 0.00 | 0 | 0 | 0.00 | 0.00 | |
| Social Science | 0 | 0 | 1 | 0 | -5 | 0.00 | 0 | 0 | 0.00 | 0.00 | |
| Fine Arts - Other | 0 | 0 | 1 | 0 | -5 | 0.00 | 0 | 0 | 0.00 | 0.00 | |
| Literature - World | 0 | 0 | 1 | 0 | -5 | 0.00 | 0 | 0 | 0.00 | 0.00 |